000 00821nam a22002657a 4500
003 DO-SdBNP
005 20230223125215.0
008 171024b2009 sp ||| 00| 0 spa d
020 _a9786074296006
040 _aBPMSU
_bspa
_cBPMSU
082 4 _aB869.3
_bC672a 2009
_222
100 1 _aCoelho, Paulo
_n1947-
245 1 0 _aA orillas del río Piedra me senté y lloré /
_cPaulo Coelho ; traducción Monserrat Mira
260 _aBarcelona :
_bSant Jordi ;
_c2009.
300 _a232 p. ;
_bil. ;
_c19 cm.
500 _a
586 _aBest Seller
590 _6Inventariado, 2023VM
650 4 _aNovela amorosa brasileña
650 4 _aVida cotidiana
_vNovela.
650 4 _aNovela amorosa brasileña
700 1 _aMira, Montserrat,
_etr.
910 _aBTAVAREZ/VMateo V. Cotrol de calidad (BPMSU)
942 _2ddc
_cBK
999 _c12688
_d12688